[Event "FIDE-Wch k.o."]
[Site "New Delhi/Teheran"]
[Date "2000.12.04"]
[Round "3.2"]
[White "Aleksandrov, Aleksej"]
[Black "Bareev, Evgeny"]
[Result "0-1"]
[WhiteElo "2591"]
[BlackElo "2702"]
[Annotator "Lutz,C"]
[PlyCount "68"]
[EventDate "2000.11.27"]
[EventType "k.o."]
[EventRounds "7"]
[EventCountry "IND"]
[SourceTitle "CBM 081"]
[Source "ChessBase"]
[SourceDate "2001.03.20"]
[SourceVersion "1"]
[SourceVersionDate "2001.03.20"]
[SourceQuality "1"]

{Die folgende Partie wurde in der 3. Runde der FIDE-WM gespielt. Bareev hatte
die erste Begegenung gegen Alexandrov gewonnen, ihm reichte also ein
Unentschieden zum Weiterkommen. Im folgenden stütze ich mich auf die Komentare
von Bareev im NIC-Magazine 1/2000.} 1. d4 d5 2. c4 c6 3. Nc3 Nf6 4. e3 e6 5.
Nf3 Nbd7 6. Bd3 dxc4 7. Bxc4 b5 8. Be2 a6 $6 (8... b4 {oder}) (8... Bb7 {
sind m.E. verlässlicher.}) 9. e4 b4 10. e5 bxc3 11. exf6 Nxf6 12. bxc3 Bd6 13.
c4 $1 {Ein neuer Zug, und kein schlechter.} (13. Nd2 Qc7 14. Nc4 Be7 15. Bg5
O-O 16. Bf3 a5 17. Qd2 Nd5 18. Bxe7 Nxe7 19. Ne3 Ba6 20. Be2 c5 21. O-O Rfd8
22. Rfd1 cxd4 23. cxd4 Bxe2 24. Qxe2 Rac8 25. Qe1 Qa7 26. Rab1 h6 27. h3 Nd5
28. Rb3 Nb4 29. a3 Nc2 30. Nxc2 Rxc2 31. Qe4 {Benjamin,J-Gurevich,D/USA-ch
1993/CBM 39/[Ftacnik]/0-1 (59)}) (13. Qa4 Bd7 14. Ne5 c5 15. Nxd7 Qxd7 16.
Qxd7+ Kxd7 17. Bf3 Rab8 18. dxc5 Bxc5 19. Bf4 Rb6 20. O-O Nd5 21. Rfd1 Bd6 22.
Bxd6 Rxd6 23. c4 Nc3 24. Rdc1 Rd3 25. Rc2 Rb8 26. Kf1 Na4 27. c5 Rd4 28. Re1
Kc7 29. g3 Rb5 30. Re5 Rb2 31. Ree2 Rbb4 32. Kg2 Rbc4 33. c6 Nc5 34. Rb2 Rc1
35. Rec2 Rxc2 36. Rxc2 Nd3 37. Kf1 Nb4 38. Rb2 Rc4 39. Be2 Rc1+ 40. Kg2 a5 41.
a3 Nxc6 42. Ba6 Kd6 43. Rb7 Ne5 44. Bb5 Rc7 45. Rb8 h5 46. a4 Rc2 47. h3 Rc5
48. Rd8+ Ke7 49. Ra8 Nc4 50. h4 Nd6 51. Ra7+ Kf6 52. Rxa5 {1/2-1/2 Aleksandrov,
A-Yagupov,I/Spasskoe 1996/EXT 99 (52)}) 13... O-O {Bareev gibt an, dass
Schwarz auch nach anderen Zügen Probleme hat:} (13... Bb4+ 14. Bd2 Bxd2+ 15.
Qxd2 Ne4 16. Qe3 Qa5+ 17. Kf1 $16) (13... c5 14. dxc5 Bxc5 (14... Qa5+ 15. Bd2
Qxc5 16. O-O O-O 17. Be3 Qc7 18. c5) 15. Qxd8+ Kxd8 16. Ne5 $16) 14. c5 Bc7 15.
O-O {Weiß hat Vorteil, da er über mehr Raum verfügt und der Bc8 eingesperrt
ist.} a5 16. Bg5 Qd5 $6 (16... Ba6 $14 {(Bareev) würde wenigstens das Problem
des Bc8 lösen.}) 17. Bxf6 gxf6 18. Qb1 $5 {Ein interessanter Zug, der sich
gegen ...Ba6 richtet.} (18. Qa4 Ba6 19. Bxa6 Rxa6 20. Rab1 {"mit starkem
Druck" (Bareev)}) 18... Qd7 (18... e5 $5 {(Bareev) führt zu Kompliaktionen, z.
B.} 19. Bd3 exd4 20. Bxh7+ Kg7 21. Be4 Qh5) (18... Ba6 $2 19. Bxa6 Rxa6 20. Qb7
$18) (18... Rb8 19. Qc2 {, und wieder kann Schwarz nicht ...Ba6 spielen.}) 19.
Bd3 Kh8 (19... Kg7 20. Re1 Ba6 21. Bc2 Bc4 22. Bxh7 f5 23. Qc1 Bd5 24. Bxf5
exf5 25. Qg5+ Kh7 26. Re7 {(Bareev schreibt hier 26.Re5, aber das ist
wahrscheinlich ein Druckfehler) mit starkem Angriff.}) 20. Re1 Ba6 21. Bc2 {
Weiß weicht dem Läufertausch aus. Aus taktischen Gründen kann Schwarz vorerst
nicht den Läufer mittels ...Bc4-d5 aktivieren.} Rab8 (21... Bc4 22. Bxh7 f5 23.
Qc1 $1 Bd5 24. Qh6 $18 {Bareev}) 22. Qc1 Rg8 23. Qh6 f5 24. Bxf5 $1 (24. Qf6+
Rg7 25. Ne5 Bxe5 26. Qxe5 $16 {Bareev}) 24... exf5 25. Qf6+ Rg7 26. Re7 Qd8 27.
Rae1 $2 {Danach ist für Schwarz wieder alles im Lot.} ({Laut Bareev fand
Ehlvest hier einen starken Zug:} 27. d5 $1 Bf4 ({Nach} 27... cxd5 {ist die
Diagonale a2-g8 geschlossen, was Weiß direkt ausnutzen kann:} 28. Ng5 $1 Qf8 (
28... Kg8 29. Ne6 $1 $18) 29. Nxf7+ Kg8 30. Nh6+ Kh8 31. Rf7 $18) 28. d6 Bd3 {
der zäheste Zug} (28... Be2 {wird von Bareev/Ehlvest angegeben, mit weißem
Gewinn nach} 29. Nd4 Bg5 30. Qxg7+ Kxg7 31. Ne6+ {mit Gewinn}) 29. Nd4 Bg5 (
29... Qg8 30. Nxc6 Bg5 31. Qc3 {und die weißen Freibauern entscheiden}) 30.
Qxg7+ Kxg7 31. Ne6+ Kg6 32. Nxd8 Rxd8 33. Ra7 {mit weißem Vorteil}) 27... Bc4
$1 {Der Läufer kann nun ins Spiel eingreifen.} 28. g3 {Bareev gibt an, dass
Schwarz auch nach anderen weißen Zügen nichts zu fürchten hat.} (28. Re8+ Qxe8
29. Rxe8+ Rxe8 30. Qxc6 Rb8) (28. Qxc6 Bd5 29. Re8+ Rg8 $1) (28. a4 Bd5 29. Nh4
Kg8 30. g3 f4) (28. h4 Bd5 29. h5 Bf4) (28. Qxf5 Bd5 29. Qf6 Bxf3 $1 ({Bareev
gibt hier} 29... a4 {an, was auch nicht schlecht ist, aber 29...Bxf3 gewinnt
sofort.}) 30. Qxf3 Qxe7 31. Rxe7 Rb1+ $19) 28... Bxa2 $5 {Die Idee dieses
Zuges besteht nicht darin, einen Bauern zu gewinnen, sondern dartin, ...Rb1
vorzubereiten.} (28... Bd5 $5 {"nebst ...Kg8, und Schwarz steht besser" 
(Bareev)}) 29. Qxf5 $2 {Und hier vergibt Weiß das Unentschieden (was
Alexandrov ohnehin nichts genutzt hätte, da er die erste Matchpartie verloren
hatte).} (29. Re8+ $1 Qxe8 30. Rxe8+ Rxe8 31. Qxc6 Rc8 32. d5 Rgg8 $1 33. Qf6+
Rg7 34. Qc6 {mit Zugwiederholung. Wenn Weiß dieser ausweicht, hat Schwarz
Aussicht auf Vorteil.}) (29. d5 Bxd5 30. Nd4 Kg8 31. Nxc6 Rg6 {Bareev}) (29.
Nh4 Rb1 30. Nxf5 Rxe1+ 31. Kg2 Qd5+ 32. f3 Qxf5 $19 {Bareev}) 29... Rb1 $19 30.
Qf6 (30. Rxb1 Qxe7 31. Rb7 f6 32. Qc8+ Bg8 $19 {Bareev}) 30... Rxe1+ 31. Nxe1
Kg8 32. Ng2 Kf8 33. Ne3 Qxe7 34. Qxc6 Rg6 0-1

[Event "EU-chT (Men) 13th"]
[Site "Leon"]
[Date "2001.11.08"]
[Round "3.2"]
[White "Kacheishvili, Giorgi"]
[Black "Vallejo Pons, Francisco"]
[Result "0-1"]
[WhiteElo "2583"]
[BlackElo "2630"]
[Annotator "Lutz,C"]
[PlyCount "130"]
[EventDate "2001.11.06"]
[EventType "team-swiss"]
[EventRounds "9"]
[EventCountry "ESP"]
[SourceTitle "CBM 086"]
[Source "ChessBase"]
[SourceDate "2002.02.05"]
[SourceVersion "1"]
[SourceVersionDate "2002.02.05"]
[SourceQuality "1"]
[WhiteTeam "Georgia"]
[BlackTeam "Spain"]
[WhiteTeamCountry "GEO"]
[BlackTeamCountry "ESP"]

1. d4 d5 2. c4 c6 3. Nc3 Nf6 4. e3 e6 5. Nf3 Nbd7 6. Bd3 dxc4 7. Bxc4 b5 8. Bd3
b4 9. Ne4 Be7 10. O-O O-O 11. Nxf6+ Nxf6 12. Qe2 c5 13. dxc5 Bb7 14. e4 Nd7 15.
c6 Bxc6 16. Be3 Bb7 17. Rfc1 a6 $5 $146 (17... Bd6 $5 {1/2-1/2 Kasimdzhanov,
R-Akopian,V/Yerevan 2001/CBM 86/[Lutz] (39)}) (17... Qa5) 18. a3 a5 19. a4 $14
{Mir erscheint der Einschub der Züge a2-a4 und ...a7-a5 in dieser Struktur
eher günstig für Weiß, da Schwarz nicht mehr das Feld a5 für die Dame hat und
außerdem die Felder b5 und b6 nun dauerhaft schwach sind. Allerdings hat Weiß
nun nicht mehr die Option des Läufertausches mittels Ba6.} Bd6 20. Nd2 $6 {
Weiß strebt direkt danach, am Damenflügel die Bauern abzuholen, gibt Schwarz
dadurch aber Angrffschancen am Königsflügel.} (20. h3 $5 {analog zu
Kasimdzhanov-Akopian erscheint besser, z.B.} Ne5 21. Nxe5 Bxe5 22. Bc5 Bd6 23.
Qe3 $14) 20... Ne5 21. Bb5 Qh4 22. g3 Qh3 23. f4 Ng4 {Jetzt wird es völlig
undurchsichtig.} 24. Bb6 Rfc8 25. Nc4 Bf8 26. Nxa5 Bxe4 27. Qxe4 Qxh2+ 28. Kf1
Rcb8 (28... Rxc1+ $2 29. Rxc1 Rxa5 30. Rc8 $1 {ist gut für Weiß.}) 29. Bg1 Qh3+
30. Qg2 Qxg2+ 31. Kxg2 Rxa5 $13 {Schwarz hat einen Bauern gewonnen, aber die
Stellung ist angesichts des starken weißen Läuferpaares völlig unklar.} 32. Bd4
g6 33. Kf3 h5 34. Rd1 Bg7 35. Rac1 e5 36. fxe5 Nxe5+ 37. Ke2 Rb7 38. Rc8+ Kh7
39. b3 Ng4 40. Bc5 Bc3 41. Rd6 Raxb5 42. axb5 Rxb5 43. Kd3 Ra5 44. Bd4 Bxd4 45.
Rxd4 Ra2 46. Rc7 Kh6 47. Rxb4 f5 48. Rc3 Nf2+ 49. Kd4 Ne4 50. Rd3 Rg2 51. Rb8
Nxg3 52. b4 h4 53. b5 Rb2 54. Kc3 Re2 55. b6 Ne4+ 56. Kb4 Kg5 57. Rc8 Nf2 58.
Rb3 Re7 59. Rc7 Re8 60. Ka5 h3 61. Rh7 Kg4 62. b7 g5 63. Kb6 f4 64. Rb5 f3 65.
Kc7 Rg8 $5 {.....} 0-1

[Event "Gistrup"]
[Site "Gistrup"]
[Date "1996.??.??"]
[Round "5"]
[White "Volzhin, Alexander"]
[Black "Rasmussen, Karsten"]
[Result "0-1"]
[WhiteElo "2485"]
[BlackElo "2435"]
[Annotator "Lutz,C"]
[PlyCount "68"]
[EventDate "1996.07.15"]
[EventType "tourn"]
[EventRounds "9"]
[EventCountry "DEN"]
[EventCategory "10"]
[SourceTitle "CBM 055"]
[Source "ChessBase"]
[SourceDate "1996.12.01"]
[SourceVersion "1"]
[SourceVersionDate "1996.12.01"]
[SourceQuality "1"]

1. d4 d5 2. c4 c6 3. Nc3 Nf6 4. e3 e6 5. Nf3 Nbd7 6. Bd3 dxc4 7. Bxc4 b5 8. Bd3
Bb7 9. e4 b4 10. Na4 c5 11. e5 Nd5 12. O-O h6 13. dxc5 Nxc5 14. Nxc5 Bxc5 15.
Nd2 O-O (15... Qc7 16. Re1 Rd8 17. Ne4 Be7 18. Ng3 g6 19. Bd2 Kf8 20. Rc1 Qb6
21. Qe2 Kg7 22. Bc4 Qd4 23. Bb3 h5 24. Red1 Qb6 {1/2-1/2 Epishin,V-Dreev,A/
Tilburg (03) ;CBM 44 1994}) 16. Ne4 Bd4 17. Nd6 Bc6 (17... Bxe5 $6 18. Nxb7 Qb6
19. Qh5 Bf4 20. Nc5 Qxc5 21. Bxf4 Qd4 22. Bd6 Qxd3 23. Bxf8 Rxf8 24. Qe5 $16 {
Bareev,E-Shirov,A/Linares (03) ; CBM 40 1994}) 18. Qe2 (18. Bh7+ Kxh7 19. Qxd4
f6 20. a3 fxe5 21. Qe4+ Kg8 22. Qxe5 Qf6 {1/2-1/2 Bareev,E-Kramnik,V/Dortmund 
(08) ;CBM 48 1995}) 18... f5 19. Rd1 Qh4 $1 {Kortschnojs
Verbesserungsvorschlag gegenüber 13...Qe7?!} (19... Qe7 $6 20. Ba6 Bc5 21. Bd2
Ba4 22. b3 Bd7 23. Bb7 Rab8 24. Bxd5 exd5 25. Qf3 $16 {Kortschnoj,V-Gurevich,M/
Antwerpen (09) ; CBM 37 1993}) 20. Bc4 $2 {Weiß sollte den Abtausch des Bc6
anstreben, da dieser bald übermächtig wird.} (20. a3 a5 21. Bb5 $10 {Kortschnoj
}) 20... Bb6 21. Bd2 $6 (21. Bb5 $5) 21... f4 22. Qf3 Ne7 (22... Kh8 23. Bb5
Bxb5 24. Nxb5 Rf5 25. Nd6 $13) 23. Ne4 Kh8 $6 (23... Ng6 $1 24. Bxe6+ Kh8 $17)
24. Bxb4 Ng6 25. Bc3 Rf5 26. Rd6 Bxe4 27. Qxe4 Bxf2+ 28. Kf1 Raf8 29. Bxe6 Rg5
30. h3 f3 31. Bg4 fxg2+ 32. Kxg2 Nf4+ 33. Kf1 Nxh3 34. Bf3 Nf4 0-1

[Event "Olympiad-34"]
[Site "Istanbul"]
[Date "2000.10.31"]
[Round "4.2"]
[White "Avrukh, Boris"]
[Black "Vera Gonzalez Quevedo, Reynaldo"]
[Result "1-0"]
[WhiteElo "2625"]
[BlackElo "2584"]
[Annotator "Lutz,C"]
[PlyCount "79"]
[EventDate "2000.10.28"]
[EventType "team-swiss"]
[EventRounds "14"]
[EventCountry "TUR"]
[SourceTitle "EXT 2001"]
[Source "ChessBase"]
[SourceDate "2000.11.22"]
[SourceVersion "1"]
[SourceVersionDate "2000.11.22"]
[SourceQuality "1"]
[WhiteTeam "Israel"]
[BlackTeam "Cuba"]
[WhiteTeamCountry "ISR"]
[BlackTeamCountry "CUB"]

1. d4 d5 2. c4 e6 3. Nc3 c6 4. Nf3 Nf6 5. e3 Nbd7 6. Bd3 dxc4 7. Bxc4 b5 8. Bd3
b4 9. Ne4 Bb7 10. O-O Be7 11. Nxf6+ Nxf6 12. e4 O-O 13. e5 Nd7 14. Be4 Rb8 15.
a3 $5 {Milovs Idee. Siehe die Partie Kasimdzhanov,R-Lesiege,A (Istanbul ol
2000) in dieser Ausgabe für weitere Details.} bxa3 16. b4 h6 $5 (16... f5 $1) (
16... a5 $2 17. bxa5 Qxa5 18. Bxa3 Bxa3 $2 19. Bxh7+ $1 $18 {1-0 Kasimdzhanov,
R-Lesiege,A/Istanbul 2000/EXT 2001/[Lutz] (24)}) 17. Bb1 $5 (17. Bxa3 c5 $1 18.
Bxb7 cxb4 $1 19. Bxb4 Rxb7 $13) 17... Re8 $2 {Danach geht die weiße Konzeption
auf.} (17... Bxb4 {erscheint mir besser. Nach} 18. Qd3 (18. Qc2 f5) 18... f5
19. exf6 Nxf6 $13 {ist zwar ...h7-h6 eine deutliche Schwächung des
Königsflügels, aber die Stellung ist noch nicht so klar, denn momentan hat
Schwarz zwei Bauern mehr und droht ggf. ...c6-c5 zu spielen.}) 18. Qd3 Nf8 19.
Bxa3 $16 {Der Lb7 wird in dieser Partie nicht mehr glücklich werden.} Qb6 20.
Qc3 Ba8 21. Be4 Bxb4 22. Bxb4 Qxb4 23. Qxb4 Rxb4 24. Rxa7 {Die Abtäusche haben
die Hilflosigkeit des Ba8 nur noch betont.} Rc8 25. Rc1 Bb7 26. Kf1 g5 27. Ke1
Ra8 (27... g4 28. Nd2 {/\} Rd8 29. Rc4 Rxc4 30. Nxc4 Rxd4 31. Nd6 Nd7 32. Rxb7
Nxe5 33. Rb8+ Kg7 34. Ne8+ Kf8 35. Nf6+ Ke7 36. Ng8+ $18 {mit einer
technischen Gewinnstellung.}) 28. Rxa8 Bxa8 29. h3 Nd7 30. Ra1 Bb7 31. Ra7 Kf8
32. Kd2 Ke7 33. Kc3 Rb6 34. Nd2 $18 {Das Eindringen des Springers nach d6 wird
dem unglücklichen schwarzen Läufer den Garaus bereiten.} Bc8 35. Nc4 Rb8 36.
Nd6 f6 37. Bxc6 fxe5 38. Nxc8+ Rxc8 39. Rxd7+ Kf6 40. Rd6 1-0

[Event "Tilburg Fontys"]
[Site "Tilburg"]
[Date "1998.10.29"]
[Round "6"]
[White "Lautier, Joel"]
[Black "Zvjaginsev, Vadim"]
[Result "0-1"]
[WhiteElo "2625"]
[BlackElo "2650"]
[Annotator "Lutz,C"]
[PlyCount "118"]
[EventDate "1998.10.23"]
[EventType "tourn"]
[EventRounds "11"]
[EventCountry "NED"]
[EventCategory "18"]
[SourceTitle "EXT 1999"]
[Source "ChessBase"]
[SourceDate "1998.11.16"]
[SourceVersion "1"]
[SourceVersionDate "1998.11.16"]
[SourceQuality "1"]

1. d4 d5 2. c4 c6 3. Nf3 Nf6 4. Nc3 e6 5. e3 Nbd7 6. Bd3 dxc4 7. Bxc4 b5 8. Bd3
Bd6 {Zvjaginsevs Spezialvariante, vielleicht eine interessante Alternative zu
den ausgetretenen Pfaden nach 8...a6 und 8...Bb7 ? Im Vergleich zum Abspiel in
der Karpov-Variante 6.Qc2 Bd6 7.Bd3 dxc4 8.Bxc4 0-0 9.0-0 b5 hat Weiß seine
Dame noch auf d1 stehen, allerdings steht dafür der Läufer auf d3. In der
Karpov-Variante hat Weiß die Wahl zwischen 10.Bd3 und 10.Be2.} (8... a6) (8...
Bb7) 9. O-O (9. e4) 9... O-O 10. Bd2 (10. b3) (10. e4) (10. Ne4) 10... Bb7 11.
Rc1 Rc8 $146 (11... h6 $6 {1/2-1/2 Lotz,K-Sohn,H/Wallertheim 1994/GER (20)})
12. Ne2 (12. Ne4 Nxe4 13. Bxe4 Nf6 {/\ ...c6-c5}) 12... b4 (12... a6 13. b4 $14
) 13. e4 c5 14. e5 $5 Bxf3 15. exd6 (15. gxf3 $6 {führt zu interessanten
Komplikationen, die jedoch günstig für Schwarz sind..} Bxe5 16. Ba6 (16. dxe5
Nxe5 $17) 16... Rc6 17. Qa4 (17. dxe5 Nxe5 18. Bb7 Rd6 $17) 17... Qa8 $5 18.
dxe5 Nxe5 19. Be3 Nxf3+ 20. Kh1 Nd2 $17) 15... Bd5 16. Ba6 $2 {Dieser Zug
scheint ein glatter Fehler zu sein.} (16. dxc5 {Jetzt muß sich Schwarz um den
Ausgleich bemühen.} Nxc5 (16... Qa5 17. a3 $16) 17. Bxb4 Qxd6 $5 {Sieht
angesichts der Fesselung verdächtig aus, ist aber möglicherweise spielbar.} (
17... Qb6 18. Ba3 Rfd8 19. Nc3 {/\ Na4}) 18. Qc2 Nfd7 (18... Bxg2 19. Bxc5 Rxc5
20. Qxc5 Qxd3 21. Nf4 $18) 19. Nc3 (19. Bxh7+ Kh8 20. Nc3 g6 21. Na4 Qf4 22.
Bxc5 Kxh7 23. b3 Bxg2 24. Kxg2 Qg4+ $11) 19... Bxg2 $5 20. Bxh7+ Kh8 21. Kxg2
Qd4 22. Bxc5 Qg4+ $11) 16... Rb8 17. dxc5 Qa5 18. Bd3 (18. Bc4 Qxc5 19. Bxd5
Qxd5) 18... Nxc5 {Der Pd6 ist eine Schwäche.} 19. Bc4 Nce4 20. a3 (20. Bf4 Bxc4
21. Rxc4 e5 $17) 20... Nxd2 21. Qxd2 Qd8 $17 {Schwarz verbleibt mit einem
soliden Mehrbauern.} 22. Bxd5 Qxd6 23. Qd4 Nxd5 24. Qxa7 Ra8 25. Qc5 Qxc5 26.
Rxc5 bxa3 27. bxa3 Rxa3 28. Rfc1 g6 29. Nc3 Nf4 30. Rc7 e5 31. Re1 Rfa8 32. g3
Ra1 33. Kf1 Rxe1+ 34. Kxe1 Ra1+ 35. Kd2 Ne6 36. Rb7 g5 37. Ne4 Ra4 38. Nc3 Ra1
39. Ne4 Ra4 40. Nc3 Ra6 41. Rb5 Nd4 42. Rd5 g4 43. Ke3 Re6 44. Nb5 Nf5+ 45. Ke4
Ne7 46. Rd7 f5+ 47. Ke3 Kf7 48. Nd6+ Kg6 49. Kd3 Ng8 50. Rd8 Nf6 51. Ke3 Re7
52. Rf8 Rd7 53. Nc4 f4+ 54. Ke2 f3+ 55. Ke3 Kg7 56. Ra8 Rd4 57. Ra7+ Kh6 58.
Nb6 Rb4 59. Ra6 Kg5 0-1

[Event "EU-Cup 19th"]
[Site "Rethymno"]
[Date "2003.10.01"]
[Round "4.1"]
[White "Dreev, Alexey"]
[Black "Akopian, Vladimir Eduardovic"]
[Result "1/2-1/2"]
[WhiteElo "2698"]
[BlackElo "2703"]
[Annotator "Lutz,C"]
[PlyCount "63"]
[EventDate "2003.09.28"]
[EventType "team-swiss"]
[EventRounds "7"]
[EventCountry "GRE"]
[SourceTitle "CBM 098"]
[Source "ChessBase"]
[SourceDate "2004.02.03"]
[SourceVersion "1"]
[SourceVersionDate "2004.02.03"]
[SourceQuality "1"]
[WhiteTeam "Norilsk Nikel"]
[BlackTeam "Skopje"]
[WhiteTeamCountry "RUS"]
[BlackTeamCountry "MKD"]

1. d4 Nf6 2. c4 e6 3. Nf3 d5 4. Nc3 c6 5. e3 Nbd7 6. Bd3 dxc4 7. Bxc4 b5 8. Bd3
Bb7 9. e4 b4 10. Na4 c5 11. e5 Nd5 12. O-O cxd4 13. Re1 (13. Nxd4 Nxe5 $13)
13... g6 (13... Be7 $5 {1/2-1/2 Kasimdzhanov,R-Khenkin,I/Moscow 2001/CBM 86/
[Lutz] (23) ist eine Möglichkeit, den nun folgenden scharfen Varianten
auszuweichen.}) 14. Bg5 Qa5 15. Nd2 $5 (15. Nxd4) 15... Ba6 16. Nc4 Bxc4 17.
Bxc4 Bg7 18. Qxd4 {Dieses Figurenopfer Figurenopfer ist schon seit einger Zeit
bekannt. Akopian demonstriert in der Folge, dass er mit der Theorie vertraut
ist.} Qxa4 (18... O-O 19. Bb3 Rac8 20. f4 $14 {1/2-1/2 Kozul,Z-Borovikov,V/
Bled 2000/CBM 75 ext (62)}) (18... h6 19. Bxd5 Qxd5 20. Qxd5 exd5 21. Be3 $14 {
Hansen,LB}) 19. Bxd5 exd5 20. Qxd5 {Für die Figur hat Weiß momentan nur einen
Bauern, aber der schwarze König ist in der Mitte steckengeblieben.} Nb6 (20...
O-O $2 21. b3 $16) 21. Qd6 Qd7 22. Qxb4 (22. Rad1 $2 Qxd6 23. exd6+ Kd7 $8 24.
Re7+ Kc6 {Hansen,LB}) 22... Bf8 (22... Nd5 $6 23. Qe4 h6 24. Bf6 O-O 25. Rad1
Bxf6 26. Rxd5 Qb7 27. exf6 Qxb2 28. Qf4 $16 {1/2-1/2 Rashkovsky,N-Sveshnikov,E/
Sochi 1979/EXT 99 (32)}) 23. Qc3 Qc8 (23... Qe6 $2 24. Bf6 Rg8 25. Rad1 Be7 26.
Rd6 $1 Qc8 27. Rc6 Qd8 28. Rc7 $5 Nd5 29. Qc6+ Kf8 30. Rd7 Qe8 31. Qxd5 Bxf6
32. Rxf7+ $1 {1-0 Jussupow,A-Dominguez,L/Yerevan 2001/CBM 86/[Lutz] (32)}) (
23... Rc8 $2 24. e6 $18 {Chekhov,V}) 24. Qf3 Bg7 25. e6 (25. Qa3 Bf8 26. Qf3
Bg7 $11 {ECO}) 25... O-O $8 26. Be7 fxe6 $1 27. Bxf8 Qxf8 28. Qb3 Qf7 29. Rxe6
Bxb2 $1 30. Rd1 Bg7 $146 {Erst dieser Zug ist eine Neuerung.} (30... Rb8 $5 31.
Re7 Qxb3 32. axb3 a5 33. Ra7 Bc3 $11 {Hansen,L-Ribli,Z/Polanica Zdroj 1993/CBM
37/[Hansen,LB]}) 31. h3 (31. Rd3 Rc8) 31... Rb8 32. Re7 (32. Re7 Qxb3 33. axb3
a5 $11 {mit einem ausgeglichenem Endspiel.}) 1/2-1/2

[Event "New York op"]
[Site "New York"]
[Date "1998.03.17"]
[Round "3"]
[White "Chernin, Alexander"]
[Black "Novikov, Igor A"]
[Result "1/2-1/2"]
[WhiteElo "2645"]
[BlackElo "2550"]
[Annotator "Lutz,C"]
[PlyCount "53"]
[EventDate "1998.03.16"]
[EventType "swiss"]
[EventRounds "9"]
[EventCountry "USA"]
[SourceTitle "CBM 064"]
[Source "ChessBase"]
[SourceDate "1998.06.02"]
[SourceVersion "1"]
[SourceVersionDate "1998.06.02"]
[SourceQuality "1"]

1. c4 e6 2. Nc3 d5 3. d4 c6 4. e3 Nf6 5. Nf3 Nbd7 6. Bd3 dxc4 7. Bxc4 b5 8. Bd3
Bb7 9. O-O b4 10. Ne4 Be7 11. a3 bxa3 12. Nxf6+ Nxf6 13. bxa3 O-O 14. Rb1 Qc7
15. e4 c5 16. Qc2 $146 (16. Bf4 Qc8 (16... Qxf4 17. Rxb7 $16 {(B.Gelfand; A.
Huzman)}) 17. Bg5 h6 $6 (17... cxd4 $5 {Krasenkow} 18. Qb3 Bc6 19. Rfc1 Qe8 20.
Nxd4 Ba4 21. Qb2 $10) 18. Bxf6 Bxf6 19. dxc5 $16 {1-0 Krasenkow,M-Novikov,I/
EUCup f 1997/CBM 63/[Krasenkow] (61)}) 16... Rac8 $5 {Schwarz gibt den Ph7, um
sich im Zentrum zu entlasten.} (16... h6 17. Bf4 Qc8 18. dxc5 $16) 17. e5 Nd5
18. Bxh7+ Kh8 19. Be4 cxd4 20. Qd3 Nb6 21. Nxd4 Bxe4 22. Qxe4 Kg8 {[%csl Ra3,
Re5][%cal Yf8d8,Yd8d1,Yc8c1,Yb6c4,Yc7e5,Ye7a3] Als Kompensation für den Bauern
hat Schwarz Spiel auf der c- und d-Line sowie Angriffsmöglichkeiten gegen die
Bauern a3 und e5. Wahrscheinlich sollte Schwarz in der Lage sein, ein
remisiges Endspiel mit 4 gg.3 Bauern an einem Flügel herbeizuführen. Besonders
attraktiv sieht die schwarze Stellung trotzdem nicht aus.} 23. Qg4 $6 {Gibt
den Mehrbauern direkt wieder zurück.} (23. Rd1 Rfd8 $44) (23. Nb5 $5 {sieht
besser aus. Weiß nimmt den Pa7 aufs Korn. Ich sehe keinen schwarzen Ausgleich.}
Qc4 {Ansonsten kann Weiß mit 24.Be3 den Druck gegen den Schwarzen Damenflügel
verstärken.} 24. Qxc4 Nxc4 25. Nxa7 Ra8 26. Rb7 Bxa3 27. Bxa3 Nxa3 28. Rc1 {
und Schwarz muß den Weg zum Remis noch demonstrieren.}) 23... Qxe5 24. Rb5 Nd5
25. Nf3 Qe2 26. Bb2 Bf6 27. Bxf6 1/2-1/2